000 00755 a2200217 4500
020 _a354030729X
020 _a9783540307297
082 _a003.54
090 _c1479
_d1479
100 1 _aNebe, Gabriele.
245 1 0 _aSelf-dual codes and invariant theory /
_cGabriele Nebe, Eric M. Rains, Neil J. A. Sloane.
250 _a2006th ed.
260 _a[S.l.] :
_bSpringer,
_c2006.
300 _a457 p. ;
_c25 cm.
490 1 _aAlgorithms and computation in mathematics.
700 1 _aRains, Eric M.
700 1 _aSloane, Neil J. A.
830 0 _aAlgorithms and computation in mathematics.
942 _aSNS
_cBK
_k003.54 NEB
999 _c30090
_d30090